| 000 | 00610nam a2200181Ia 4500 | ||
|---|---|---|---|
| 008 | 150610s9999 xx 000 0 und d | ||
| 020 | _a9780767926126 | ||
| 050 |
_aHF5381 _b.R7615 2008 |
||
| 100 | _aRosen, David J. | ||
| 245 |
_aWhat's that job and how the hell do I get it?: _bthe inside scoop on more than 50 cool jobs from people who actually have them / _cby David J. Rossen. |
||
| 250 | _a1st ed. | ||
| 260 |
_aNew York : _bBroadway Books, _c2008. |
||
| 300 |
_a303pages ; _c24 cm. |
||
| 520 | _aOccupations. | ||
| 650 | _bSelf-evaluation. | ||
| 650 | _xJob descriptions. | ||
| 650 | _xProfessions. | ||
| 999 |
_c288034 _d288034 |
||